| 000 | 00663nam a2200145Ia 4500 | ||
|---|---|---|---|
| 008 | 220620s9999||||xx |||||||||||||| ||und|| | ||
| 020 | _a9616500902 | ||
| 022 | _a1854-2964 | ||
| 100 | _aPipan, Tanja | ||
| 245 | 0 |
_aEpikarst – A Promising habitat _bCopepod fauna, its diversity and ecology. A case study from Slovenia (Europe) |
|
| 546 | _aEnglish[eng] | ||
| 650 | _abiodiversity||copepods||epikarst||fauna||karst caves||research||Slovenia||speleobiology||biološka raznovrstnost||ceponožci||epikras||favna||kraške jame||raziskave||Slovenija||speleobiologija | ||
| 856 | _uhttps://omp.zrc-sazu.si/zalozba/catalog/view/611/2576/207-2 | ||
| 942 | _cEB | ||
| 999 |
_c33636 _d33636 |
||